Homero escolar / (Record no. 80572)

MARC details
000 -LEADER
campo de control de longitud fija 00575nam a2200205 i 4500
001 - NÚMERO DE CONTROL
campo de control 80572
003 - IDENTIFICADOR DE NÚMERO DE CONTROL
campo de control ES-MaACL
005 - FECHA Y HORA DE LA ÚLTIMA TRANSACCIÓN
campo de control 20260616130210.0
007 - CAMPO FIJO DE DESCRIPCIÓN FÍSICA--INFORMACIÓN GENERAL
campo de control de longitud fija t|
008 - DATOS DE LONGITUD FIJA--INFORMACIÓN GENERAL
campo de control de longitud fija 041028s1950 sp ||||1| spa d
100 0# - ENTRADA PRINCIPAL--NOMBRE DE PERSONA
Nombre de persona Homero
9 (RLIN) 64112
245 10 - MENCIÓN DEL TÍTULO
Título Homero escolar /
Mención de responsabilidad, etc. selección y notas por D. Mayor.
260 ## - PUBLICACIÓN, DISTRIBUCIÓN, ETC.
Lugar de publicación, distribución, etc. [S.l. :
Nombre del editor, distribuidor, etc. s.n.,
Fecha de publicación, distribución, etc. 1950] (
Lugar de fabricación/manufactura Burgos :
Fabricante Aldecoa)
300 ## - DESCRIPCIÓN FÍSICA
Extensión 180 p. ;
Dimensiones 17 cm.
490 1# - MENCIÓN DE SERIE
Mención de serie Bibliotheca Comillensis
700 1# - ENTRADA AGREGADA--NOMBRE PERSONAL
Nombre de persona Mayor, D.
9 (RLIN) 79404
830 0# - PUNTO DE ACCESO ADICIONAL DE SERIE-TÍTULO UNIFORME
Título uniforme Bibliotheca Comillensis
9 (RLIN) 183667
852 ## - LOCALIZACIÓN
Ubicación ES-MaACL
Número de control de estantería D-5699
Sublocalización o colección R.30030
Holdings
Estatus retirado Estado de pérdida Estado de daño No para préstamo Biblioteca de origen Biblioteca actual Ubicación en estantería Fecha de adquisición Fuente de adquisición Total de préstamos Signatura topográfica completa Código de barras Visto por última vez Precio de reemplazo Tipo de ítem Koha
        Biblioteca del Ateneo de Madrid Biblioteca del Ateneo de Madrid Sala Valle Inclán 17/01/2008     D-5699 901084239 23/02/2023 23/02/2023 Libro impreso